| 000 | 01316nas a2200457 4500 | ||
|---|---|---|---|
| 001 | BR2014001307 | ||
| 003 | BR-BrBNA | ||
| 005 | 20231205123803.0 | ||
| 007 | ta | ||
| 008 | 230509b bl.|||p| |||| 00| 00por d | ||
| 040 |
_aBR-BrBNA _bpor _cBiblioteca Nacional de Agricultura |
||
| 041 | _a(Pt) | ||
| 072 | _aF30; H20 | ||
| 100 | 1 | _aPereira, A. da S. | |
| 100 | 1 | _aBertoncini, O. | |
| 100 | 1 | _aSilva, G.O. da | |
| 100 | 1 | _aCastro, C.M. | |
| 100 | 1 | _aGomes, C.B. | |
| 100 | 1 | _aHirano, E. | |
| 100 | 1 | _aBortoletto, A.C. | |
| 100 | 1 | _aMelo, P.E. de | |
| 100 | 1 | _aMedeiros, C.A.B. | |
| 100 | 1 | _aTrepow, R.O. | |
| 100 | 1 | _aDutra, L.F. | |
| 100 | 1 | _aLopes, C.A. | |
| 100 | 1 | _aNazareno, N.R.X. | |
| 100 | 1 | _aLima, M.F. | |
| 100 | 1 | _aCastro, L.A.S. de | |
| 100 | 1 | _aKrolow, A.C.R. | |
| 100 | 1 | _aSuinaga, F.A. | |
| 100 | 1 | _aReisser Junior, C. | |
| 245 | 1 | _aBRS Clara: Cultivar de batata para mercado fresco, com resistência à requeima | |
| 650 | _aBATATA | ||
| 650 | _aSOLANUM TUBEROSUM | ||
| 650 | _aPHYTOPHTHORA INFESTANS | ||
| 650 | _aMELHORAMENTO GENÉTICO VEGETAL | ||
| 650 | _aREQUEIMA | ||
| 773 | 0 |
_tHorticultura Brasileira (Brazil) _xISSN 0102-0536 _g(Oct-Dec 2013), v. 31(4) p. 664-668 _wBR2014001307 |
|
| 909 |
_a202311 _bLúcia _c55 _dLúcia Elande |
||
| 942 |
_2AGRIS _n0 _cANA |
||
| 999 |
_c235706 _d235706 |
||